00855nam a2200217Ia 4500003000900000008004100009020001800050040001600068080001600084111006900100245022600169260003800395300001500433650004100448650001400489650002600503700002900529700002600558700001900584710003400603IN-BaIIA211028s9999 xx 000 0 eng d a0-7923-2235-5 cIIA Library a524-48bSHA aNATO Advanced Study Institute ConferancecItalyd1992 June 20-30 0aParticle astrophysics and cosmologybproceedings of NATO Advanced Study Institute, Erice, Italy, June 20-30, 1992cedited by Mourice M. Shapiro, Rein Silberberg and John P. Wefel  aDordrecht,bKluwer Academicc1993 avii, 168p. aAstronomy and Astrophysics Thesaurus aCosmology aParticle astrophysics aShapiro, Mourice M., ed. aSilberberg, Rein, ed. aWefel, John P. aNATO Advanced Study Institute